000 003660000a22001570004500
001 002574
003 MACL
040 _aMACL
090 _c14567
_d14566
100 _aLal, Basant Kumar
245 _aContemporary Indian Philosophy
_cBasant Kumar Lal
260 _aMotilal Banarsidass Publisher,
_c2005
350 _a175
650 _aPholosophy
942 _k101
_cBook
999 _c14483
_d14483